<?xml version="1.0" encoding="UTF-8"?>
<record
    xmlns:xsi="http://www.w3.org/2001/XMLSchema-instance"
    xsi:schemaLocation="http://www.loc.gov/MARC21/slim http://www.loc.gov/standards/marcxml/schema/MARC21slim.xsd"
    xmlns="http://www.loc.gov/MARC21/slim">

  <leader>00850nam a22002297a 4500</leader>
  <datafield tag="999" ind1=" " ind2=" ">
    <subfield code="c">167513</subfield>
    <subfield code="d">167513</subfield>
  </datafield>
  <controlfield tag="005">20190905154641.0</controlfield>
  <datafield tag="010" ind1=" " ind2=" ">
    <subfield code="a">ENG-126425</subfield>
  </datafield>
  <datafield tag="020" ind1=" " ind2=" ">
    <subfield code="c">2500.00</subfield>
    <subfield code="a">978-93-86906-90-8</subfield>
  </datafield>
  <datafield tag="035" ind1=" " ind2=" ">
    <subfield code="a">EN-109957</subfield>
  </datafield>
  <datafield tag="037" ind1=" " ind2=" ">
    <subfield code="b">DBAD/PUB</subfield>
  </datafield>
  <datafield tag="082" ind1=" " ind2=" ">
    <subfield code="a">709.95435</subfield>
  </datafield>
  <datafield tag="100" ind1=" " ind2=" ">
    <subfield code="a">Dallapiccola, Anna L.</subfield>
  </datafield>
  <datafield tag="245" ind1=" " ind2=" ">
    <subfield code="a">Lepakshi:</subfield>
    <subfield code="c">by Anna L. Dallapiccola, Brigitte Khan Majlis, George Michell [and] John M.Fritz</subfield>
    <subfield code="b">Architecture, sculpture, painting/</subfield>
  </datafield>
  <datafield tag="260" ind1=" " ind2=" ">
    <subfield code="a">New Delhi</subfield>
    <subfield code="b">Niyogi Books</subfield>
    <subfield code="c">2019</subfield>
  </datafield>
  <datafield tag="270" ind1=" " ind2=" ">
    <subfield code="b">New Delhi</subfield>
    <subfield code="a">Block D, Building No. 77, Okhla Industrial Area, Phase-I</subfield>
    <subfield code="k">91-11-26816301,26818960</subfield>
    <subfield code="m">niyogibooks@gmail.com</subfield>
    <subfield code="e">110020</subfield>
  </datafield>
  <datafield tag="300" ind1=" " ind2=" ">
    <subfield code="a">272p.</subfield>
    <subfield code="c">28cm(hb)</subfield>
    <subfield code="b">ill</subfield>
  </datafield>
  <datafield tag="500" ind1=" " ind2=" ">
    <subfield code="a">including index and bibliography.</subfield>
  </datafield>
  <datafield tag="700" ind1=" " ind2=" ">
    <subfield code="a">Majlis, Brigitte Khan</subfield>
  </datafield>
  <datafield tag="700" ind1=" " ind2=" ">
    <subfield code="a">Michell, George</subfield>
  </datafield>
  <datafield tag="700" ind1=" " ind2=" ">
    <subfield code="a">Fritz, John M.</subfield>
  </datafield>
  <datafield tag="942" ind1=" " ind2=" ">
    <subfield code="2">ddc</subfield>
    <subfield code="c">EN</subfield>
    <subfield code="h">709.95435</subfield>
    <subfield code="m">DAL</subfield>
  </datafield>
  <datafield tag="952" ind1=" " ind2=" ">
    <subfield code="0">0</subfield>
    <subfield code="1">0</subfield>
    <subfield code="4">0</subfield>
    <subfield code="7">0</subfield>
    <subfield code="8">NFIC</subfield>
    <subfield code="a">AG</subfield>
    <subfield code="b">AG</subfield>
    <subfield code="d">2019-09-05</subfield>
    <subfield code="e">DBAD/PUB</subfield>
    <subfield code="g">2500.00</subfield>
    <subfield code="l">0</subfield>
    <subfield code="o">709.95435 DAL</subfield>
    <subfield code="p">EN-109957</subfield>
    <subfield code="r">2019-09-05 00:00:00</subfield>
    <subfield code="t">1</subfield>
    <subfield code="v">2500.00</subfield>
    <subfield code="y">EN</subfield>
  </datafield>
</record>
